|
|
|
|
| LEADER |
00000nab a2200000 a 4500 |
| 001 |
vtls008408608 |
| 003 |
SK-MaSNL |
| 005 |
20260303070108.0 |
| 008 |
140303c2005 xo wrzp 0 0slo |
| 015 |
|
|
|a SNBRB2005/09
|2 snkbucl
|
| 040 |
|
|
|a SNKBUCL
|b slo
|c SNKBUCL
|e AACR2
|
| 041 |
0 |
|
|a slo
|
| 044 |
|
|
|a xo
|c SK
|
| 080 |
|
|
|a 616.12-008.33:061.22:061.3
|x (437.6)
|2 1997
|
| 100 |
1 |
|
|a Jonáš, Peter,
|d 1943-
|4 aut
|9 25745
|
| 245 |
1 |
0 |
|a XX. pracovná konferencia SHS
|c Peter Jonáš
|
| 246 |
3 |
|
|a Dvadsiata pracovná konferencia SHS
|
| 300 |
|
|
|b Fotogr.
|
| 610 |
2 |
7 |
|a Slovenská hypertenziologická spoločnosť
|x konferencie
|2 snkbucl
|9 1067067
|
| 648 |
|
7 |
|a 2005
|2 snkbucl
|9 305506
|
| 648 |
|
7 |
|a 11.-13.5.2005
|2 snkbucl
|9 1067068
|
| 773 |
0 |
|
|t Zdravotnícke noviny
|g Roč. X, č. 25 (2005)
|x 1335-4477
|
| 773 |
0 |
8 |
|t Lekárske listy
|g Č. 25 (2005), s. 14-16
|
| 852 |
|
|
|a SNK
|b KIS3GCP
|
| 958 |
|
|
|a ME
|2 snkbucl
|
| 999 |
|
|
|c 1753931
|d 1755861
|